[Event "Wch-Blitz"]
[Site "Berlin GER"]
[Date "2015.10.14"]
[Round "12"]
[White "Petursson, Margeir"]
[Black "Krnan, Tomas"]
[Result "1/2-1/2"]
[WhiteElo "2520"]
[BlackElo "2440"]
[PlyCount "131"]
[GameId "2130307652085854"]
[EventDate "2015.10.13"]
[EventType "swiss (blitz)"]
[EventRounds "21"]
[EventCountry "GER"]
[SourceTitle "Mega2015 Update 47"]
[Source "Chessbase"]
[SourceDate "2015.10.16"]
[SourceVersion "1"]
[SourceVersionDate "2015.10.16"]
[SourceQuality "1"]

1. c4 Nf6 2. Nc3 e5 3. g3 Bb4 4. Bg2 O-O 5. e4 Bxc3 6. bxc3 c6 7. Ne2 d5 8. exd5 cxd5 9. d4 exd4 10. cxd4 dxc4 11. O-O h6 12. Qc2 Re8 13. Nf4 Nc6 14. d5 Ne5 15. Bb2 Bg4 16. Bxe5 Rxe5 17. Qxc4 Rc8 18. Qb3 Qd7 19. Rac1 Ree8 20. Rfe1 Rxc1 21. Rxc1 Bf5 22. Qc3 Rc8 23. Qxc8+ Qxc8 24. Rxc8+ Bxc8 25. Nd3 b6 26. Ne5 Kf8 27. d6 Ke8 28. Bc6+ Bd7 29. Bf3 Be6 30. a3 Nd7 31. Nc6 a5 32. Nd4 Nc5 33. Bc6+ Kd8 34. f4 Bd7 35. Bd5 f6 36. Kf2 Nd3+ 37. Ke3 Nc5 38. h4 b5 39. Bc6 b4 40. axb4 axb4 41. Bd5 Bg4 42. Nb3 Nxb3 43. Bxb3 Kd7 44. Kd4 Kxd6 45. Bg8 Be6 46. Bh7 b3 47. Be4 Bf7 48. Bd3 b2 49. Kc3 Kc5 50. g4 Bc4 51. Bc2 Be6 52. g5 hxg5 53. fxg5 fxg5 54. hxg5 Kd5 55. Kxb2 Ke5 56. Kc1 Kf4 57. Kd2 Bf5 58. Bd1 Kxg5 59. Ke3 Kh4 60. Kf2 g5 61. Kg2 Be4+ 62. Kh2 Bf5 63. Be2 Bg4 64. Bb5 Bf3 65. Bd7 g4 66. Bxg4 1/2-1/2

[Event "Wch-Blitz"]
[Site "Berlin GER"]
[Date "2015.10.14"]
[Round "14"]
[White "Stern, Rene"]
[Black "Krnan, Tomas"]
[Result "1-0"]
[WhiteElo "2538"]
[BlackElo "2440"]
[PlyCount "87"]
[GameId "2130307652098331"]
[EventDate "2015.10.13"]
[EventType "swiss (blitz)"]
[EventRounds "21"]
[EventCountry "GER"]
[SourceTitle "Mega2015 Update 47"]
[Source "Chessbase"]
[SourceDate "2015.10.16"]
[SourceVersion "1"]
[SourceVersionDate "2015.10.16"]
[SourceQuality "1"]

1. d4 f5 2. Nc3 Nf6 3. Bg5 d5 4. e3 e6 5. Bd3 c6 6. Nf3 Bd6 7. O-O O-O 8. Ne2 Nbd7 9. c4 Qe7 10. Rc1 h6 11. Bf4 g5 12. Bxd6 Qxd6 13. cxd5 Nxd5 14. Nc3 Nxc3 15. Rxc3 b6 16. Qa4 Bb7 17. Ba6 Bxa6 18. Qxa6 g4 19. Nd2 c5 20. Nb3 cxd4 21. Nxd4 Nc5 22. Qe2 Rac8 23. Rfc1 Qd7 24. Qc2 Rce8 25. b4 Ne4 26. Rc7 Qd6 27. a3 Rf7 28. g3 Ng5 29. Qc6 Rxc7 30. Qxc7 Nh3+ 31. Kf1 Qxc7 32. Rxc7 a5 33. b5 Ng5 34. Rc6 Ne4 35. Rxb6 Nd2+ 36. Ke2 Nc4 37. Rxe6 Rb8 38. a4 Nb6 39. Nc6 Rf8 40. Ne7+ Kf7 41. Rxb6 Kxe7 42. Rxh6 Rc8 43. Ra6 Rc2+ 44. Kf1 1-0

[Event "Wch-Blitz"]
[Site "Berlin GER"]
[Date "2015.10.14"]
[Round "15"]
[White "Krnan, Tomas"]
[Black "Camacho Collados, Jose"]
[Result "1/2-1/2"]
[WhiteElo "2440"]
[BlackElo "2383"]
[PlyCount "144"]
[GameId "2130307652098386"]
[EventDate "2015.10.13"]
[EventType "swiss (blitz)"]
[EventRounds "21"]
[EventCountry "GER"]
[SourceTitle "Mega2015 Update 47"]
[Source "Chessbase"]
[SourceDate "2015.10.16"]
[SourceVersion "1"]
[SourceVersionDate "2015.10.16"]
[SourceQuality "1"]

1. e4 c5 2. Nf3 Nc6 3. Bb5 Qb6 4. Nc3 e6 5. O-O Nge7 6. a4 a6 7. Bc4 Ng6 8. Re1 Be7 9. d3 O-O 10. h3 Bf6 11. Bd2 d6 12. Rb1 Bd7 13. Ne2 Rad8 14. c3 Nce5 15. Nxe5 Nxe5 16. Qc2 Nxc4 17. dxc4 Bc6 18. Ng3 g6 19. b4 cxb4 20. cxb4 d5 21. exd5 exd5 22. c5 Qc7 23. b5 Bd7 24. bxa6 bxa6 25. Rb6 Be5 26. Rxa6 Rfe8 27. Ba5 Bxg3 28. fxg3 Qxg3 29. Qf2 Rxe1+ 30. Qxe1 Qxe1+ 31. Bxe1 Rc8 32. Bf2 Kf8 33. Bd4 Ke7 34. a5 Bb5 35. Rb6 Bc4 36. Be5 Ra8 37. Bc3 d4 38. Bxd4 Rxa5 39. c6 Bd5 40. c7 Kd7 41. Be5 Bb7 42. Rd6+ Kxc7 43. Rd5+ Kb6 44. Bc7+ Kxc7 45. Rxa5 Kd6 46. Kf2 Bd5 47. g3 h5 48. h4 Ke6 49. Ke3 Bb3 50. Kf4 Bc2 51. Ra6+ Ke7 52. Ke5 Bf5 53. Ra7+ Ke8 54. Kf6 Be6 55. Re7+ Kf8 56. Rb7 Kg8 57. Rb8+ Kh7 58. Rf8 Bd5 59. Rb8 Be6 60. Rb5 Bc4 61. Rc5 Be6 62. Rc7 Bd5 63. Ke5 Bb3 64. Kf6 Be6 65. Re7 Bd5 66. Rxf7+ Bxf7 67. Kxf7 Kh6 68. Kf6 Kh7 69. Kf7 Kh6 70. Kg8 g5 71. Kf7 gxh4 72. gxh4 Kh7 1/2-1/2

[Event "Wch-Blitz"]
[Site "Berlin GER"]
[Date "2015.10.14"]
[Round "16"]
[White "Wendt, Jan Dietrich"]
[Black "Krnan, Tomas"]
[Result "0-1"]
[WhiteElo "2332"]
[BlackElo "2440"]
[PlyCount "130"]
[GameId "2130307652106696"]
[EventDate "2015.10.13"]
[EventType "swiss (blitz)"]
[EventRounds "21"]
[EventCountry "GER"]
[SourceTitle "Mega2015 Update 47"]
[Source "Chessbase"]
[SourceDate "2015.10.16"]
[SourceVersion "1"]
[SourceVersionDate "2015.10.16"]
[SourceQuality "1"]

1. Nf3 Nf6 2. c4 g6 3. Nc3 Bg7 4. e4 d6 5. d4 O-O 6. Be2 e5 7. O-O Nc6 8. Be3 Ng4 9. Bg5 f6 10. Bc1 Nh6 11. d5 Ne7 12. b4 a5 13. Ba3 axb4 14. Bxb4 b6 15. a4 Nf7 16. Qb3 c5 17. dxc6 Nxc6 18. Rad1 Be6 19. Nb5 Nxb4 20. Qxb4 Qe7 21. Nc3 f5 22. exf5 gxf5 23. Nd5 Bxd5 24. Rxd5 Rfc8 25. Rb1 Qc7 26. Rb5 Rcb8 27. Rxb6 Rxb6 28. Qxb6 Qxb6 29. Rxb6 Rxa4 30. Rb8+ Bf8 31. g3 Ra2 32. Bf1 Kg7 33. Nh4 Nh6 34. h3 Be7 35. Bg2 Bxh4 36. gxh4 Rc2 37. Bd5 f4 38. Rb7+ Kf6 39. Rxh7 Rc1+ 40. Kg2 Nf5 41. Rf7+ Kg6 42. h5+ Kg5 43. Kf3 Rc3+ 44. Ke2 Nd4+ 45. Kd2 Rxh3 46. Rd7 Nf5 47. f3 Rxh5 48. Kc2 Rh2+ 49. Kb3 Re2 50. Kb4 Re3 51. Kb5 Nd4+ 52. Kb6 Nxf3 53. Rxd6 Nd4 54. c5 f3 55. Rd8 f2 56. Rg8+ Kf4 57. Rf8+ Nf5 58. Bc4 Rc3 59. Ba6 Rb3+ 60. Kc7 Rb1 61. c6 f1=Q 62. Bxf1 Rxf1 63. Kd7 Rd1+ 64. Ke6 Rd6+ 65. Kf7 Rxc6 0-1

[Event "Wch-Blitz"]
[Site "Berlin GER"]
[Date "2015.10.14"]
[Round "17"]
[White "Krnan, Tomas"]
[Black "Svane, Rasmus"]
[Result "0-1"]
[WhiteElo "2440"]
[BlackElo "2543"]
[PlyCount "124"]
[GameId "2130307652106738"]
[EventDate "2015.10.13"]
[EventType "swiss (blitz)"]
[EventRounds "21"]
[EventCountry "GER"]
[SourceTitle "Mega2015 Update 47"]
[Source "Chessbase"]
[SourceDate "2015.10.16"]
[SourceVersion "1"]
[SourceVersionDate "2015.10.16"]
[SourceQuality "1"]

1. e4 c6 2. d4 d5 3. Nc3 dxe4 4. Nxe4 Nd7 5. Nf3 Ngf6 6. Nxf6+ Nxf6 7. Bc4 Bf5 8. O-O e6 9. c3 Be7 10. h3 O-O 11. Re1 h6 12. Bf4 a5 13. a4 Bd6 14. Bxd6 Qxd6 15. Qe2 Rfd8 16. Ne5 Nd7 17. Qf3 Nxe5 18. Rxe5 Bg6 19. Rae1 Qc7 20. h4 Rac8 21. g4 Kh8 22. Qe3 Qe7 23. Qg3 b6 24. f4 Qd6 25. Rf1 c5 26. f5 cxd4 27. Ba6 Bh7 28. Bxc8 Rxc8 29. fxe6 f6 30. Re3 Qd5 31. cxd4 Qxd4 32. Rfe1 Re8 33. e7 Rxe7 34. Qf2 Qxg4+ 35. Rg3 Rxe1+ 36. Qxe1 Qxh4 37. Qe8+ Bg8 38. Qg6 Qd4+ 39. Kh2 Qd2+ 40. Rg2 Qd6+ 41. Rg3 Qe7 42. Kg1 Bh7 43. Qg4 Bg8 44. Kh2 g5 45. Qh5 Kg7 46. Qf3 Bf7 47. Qe3 Qxe3 48. Rxe3 f5 49. Re7 Kg6 50. Rb7 Bd5 51. Rxb6+ Kh5 52. Rb5 Be4 53. Rxa5 Kg4 54. b4 Kf3 55. Ra7 g4 56. Rg7 f4 57. b5 Kf2 58. a5 g3+ 59. Kh3 g2 60. Kh2 h5 61. a6 Bf3 62. b6 Bg4 0-1

[Event "Wch-Blitz"]
[Site "Berlin GER"]
[Date "2015.10.14"]
[Round "18"]
[White "Seirawan, Yasser"]
[Black "Krnan, Tomas"]
[Result "1-0"]
[WhiteElo "2620"]
[BlackElo "2440"]
[PlyCount "115"]
[GameId "2130307652119140"]
[EventDate "2015.10.13"]
[EventType "swiss (blitz)"]
[EventRounds "21"]
[EventCountry "GER"]
[SourceTitle "Mega2015 Update 47"]
[Source "Chessbase"]
[SourceDate "2015.10.16"]
[SourceVersion "1"]
[SourceVersionDate "2015.10.16"]
[SourceQuality "1"]

1. g3 Nf6 2. Bg2 g6 3. e4 d6 4. f4 Bg7 5. d3 O-O 6. Nf3 c5 7. O-O Nc6 8. h3 Nd4 9. Nbd2 Nxf3+ 10. Nxf3 Rb8 11. Kh2 b5 12. a3 a5 13. Re1 b4 14. a4 Bb7 15. Nd2 e6 16. Rb1 d5 17. e5 Nd7 18. b3 Nb6 19. Qe2 Qc7 20. Nf3 d4 21. Ng5 Bxg2 22. Qxg2 Nd5 23. Bd2 Rfd8 24. Re2 Nb6 25. Rf1 c4 26. dxc4 d3 27. cxd3 Rxd3 28. Rf3 Rd7 29. Be3 Rbd8 30. Ne4 Rd3 31. Nd6 Rd1 32. Bxb6 Qxb6 33. Rd2 Rxd2 34. Qxd2 Bf8 35. Rd3 Qc6 36. Ne4 Rxd3 37. Nf6+ Kg7 38. Qxd3 Be7 39. Ne4 h6 40. h4 Qb6 41. Kg2 Qc6 42. Kf2 Qb6+ 43. Qe3 Qc6 44. Qd4 g5 45. hxg5 hxg5 46. fxg5 Kg6 47. Qd3 Kg7 48. Ke2 Qc7 49. Qd4 Kg6 50. c5 Qc6 51. Kd3 Qa6+ 52. Qc4 Qc6 53. Ke3 Qc7 54. Qd4 Qc6 55. Qc4 Kf5 56. Nd6+ Kxg5 57. Qf4+ Kh5 58. Qxf7+ 1-0

[Event "Wch-Blitz"]
[Site "Berlin GER"]
[Date "2015.10.14"]
[Round "19"]
[White "Krnan, Tomas"]
[Black "Zepeda, Lorena"]
[Result "1-0"]
[WhiteElo "2440"]
[BlackElo "2106"]
[PlyCount "92"]
[GameId "2130307652123283"]
[EventDate "2015.10.13"]
[EventType "swiss (blitz)"]
[EventRounds "21"]
[EventCountry "GER"]
[SourceTitle "Mega2015 Update 47"]
[Source "Chessbase"]
[SourceDate "2015.10.16"]
[SourceVersion "1"]
[SourceVersionDate "2015.10.16"]
[SourceQuality "1"]

1. b3 Nf6 2. Bb2 g6 3. Nf3 Bg7 4. g3 O-O 5. Bg2 d6 6. O-O e5 7. d3 Nc6 8. c4 h6 9. a3 Be6 10. b4 a6 11. Nbd2 Qd7 12. Rc1 Bh3 13. c5 Bxg2 14. Kxg2 Nh5 15. Qb3 Qg4 16. e3 Qd7 17. cxd6 cxd6 18. Nc4 Rad8 19. Nb6 Qe8 20. Nd5 Kh7 21. a4 f5 22. Nc7 Qd7 23. Ne6 f4 24. exf4 exf4 25. Bxg7 Nxg7 26. Nxd8 Qxd8 27. b5 axb5 28. axb5 Ne7 29. Qc4 fxg3 30. fxg3 Nef5 31. Rfe1 Qb6 32. d4 Qa5 33. Re2 Ne8 34. Rcc2 Qb6 35. Rc1 Qa5 36. Rce1 Nf6 37. Re6 d5 38. Qe2 Qa3 39. Rd1 Rf7 40. Rd3 Qb4 41. Ne5 Rf8 42. Nf3 Ne4 43. Rxe4 dxe4 44. Qxe4 Rf7 45. Qe2 b6 46. Ne5 Rg7 1-0

[Event "Wch-Blitz"]
[Site "Berlin GER"]
[Date "2015.10.14"]
[Round "20"]
[White "Vogel, Roven"]
[Black "Krnan, Tomas"]
[Result "1/2-1/2"]
[WhiteElo "2417"]
[BlackElo "2440"]
[PlyCount "100"]
[GameId "2130307652127508"]
[EventDate "2015.10.13"]
[EventType "swiss (blitz)"]
[EventRounds "21"]
[EventCountry "GER"]
[SourceTitle "Mega2015 Update 47"]
[Source "Chessbase"]
[SourceDate "2015.10.16"]
[SourceVersion "1"]
[SourceVersionDate "2015.10.16"]
[SourceQuality "1"]

1. c4 Nf6 2. Nf3 g6 3. Nc3 Bg7 4. d4 O-O 5. g3 d6 6. Bg2 Nc6 7. O-O a6 8. e4 Bg4 9. Be3 Nd7 10. Ne2 e5 11. d5 Ne7 12. Qd2 Bxf3 13. Bxf3 f5 14. exf5 Nxf5 15. Bg2 Nf6 16. Rac1 Ng4 17. Bg5 Qd7 18. h3 Nf6 19. c5 h6 20. Be3 Kh7 21. b4 Rac8 22. Qd3 Nxe3 23. fxe3 Qe7 24. Be4 Nxe4 25. Qxe4 Rxf1+ 26. Kxf1 Rf8+ 27. Ke1 Qf7 28. cxd6 cxd6 29. h4 h5 30. Kd2 Bh6 31. Kd3 Qd7 32. Rc2 Rf7 33. a3 Qa4 34. Nc3 Qxa3 35. g4 hxg4 36. h5 Rg7 37. Rg2 Qc1 38. Rxg4 Qf1+ 39. Kc2 Qf2+ 40. Kb3 Qf6 41. Ka4 b5+ 42. Kb3 Bg5 43. Ne2 Kh6 44. hxg6 Rxg6 45. Ng3 Qf2 46. Nf5+ Kh5 47. Ng3+ Kh6 48. Nf5+ Kh5 49. Ng3+ Kh6 50. Nf5+ Kh5 1/2-1/2

[Event "Wch-Blitz"]
[Site "Berlin GER"]
[Date "2015.10.14"]
[Round "21"]
[White "Krnan, Tomas"]
[Black "Sanal, Vahap"]
[Result "0-1"]
[WhiteElo "2440"]
[BlackElo "2501"]
[PlyCount "242"]
[GameId "2130307652131651"]
[EventDate "2015.10.13"]
[EventType "swiss (blitz)"]
[EventRounds "21"]
[EventCountry "GER"]
[SourceTitle "Mega2015 Update 47"]
[Source "Chessbase"]
[SourceDate "2015.10.16"]
[SourceVersion "1"]
[SourceVersionDate "2015.10.16"]
[SourceQuality "1"]

1. e4 e5 2. Nf3 Nc6 3. Bb5 a6 4. Ba4 Nf6 5. O-O Be7 6. Re1 b5 7. Bb3 O-O 8. d3 Bb7 9. Nbd2 d5 10. exd5 Nxd5 11. Nxe5 Nd4 12. c3 Nxb3 13. Nxb3 c5 14. Nf3 Re8 15. Bd2 Qb6 16. d4 c4 17. Nc1 Qg6 18. Ne5 Qf5 19. Ne2 f6 20. Ng3 Qc8 21. Nf3 Bf8 22. Qc2 Qg4 23. Qf5 Qg6 24. Qxg6 hxg6 25. Rxe8 Rxe8 26. Re1 Rb8 27. Ne2 g5 28. h3 Kf7 29. Ng3 Bc6 30. a3 a5 31. Nf5 g6 32. Ne3 Nf4 33. Ng4 Nxh3+ 34. Kh2 Bd6+ 35. Nfe5+ fxe5 36. dxe5 Nxf2 37. Nxf2 Bc7 38. Bxg5 Ke6 39. Bf4 Rf8 40. Nh3 Rd8 41. Kg3 Rd3+ 42. Re3 Bxe5 43. Rxd3 cxd3 44. Kf2 Bf6 45. Bd2 Kf5 46. Nf4 Be4 47. Ke3 Bg5 48. g3 Bh6 49. Kd4 Bg7+ 50. Kc5 g5 51. Nh3 Bf6 52. Nf2 Bf3 53. Nxd3 Kg4 54. Kxb5 Kxg3 55. Bxg5 Bxg5 56. Kxa5 Be2 57. Nc5 Kf3 58. Kb6 Bc1 59. b4 Bxa3 60. Ne6 Ke4 61. Nd4 Bc4 62. Nc6 Bb2 63. Kc5 Bg8 64. c4 Kd3 65. b5 Ba3+ 66. Kb6 Kxc4 67. Ne5+ Kd5 68. Nd7 Be6 69. Nf6+ Ke5 70. Ne8 Bc1 71. Nc7 Bg4 72. Ka6 Be2 73. Ka5 Bd2+ 74. Kb6 Kd6 75. Ne8+ Kd7 76. Nf6+ Ke6 77. Ne4 Be3+ 78. Ka6 Bd3 79. Nc3 Kd6 80. Na4 Bd2 81. Nb6 Kc5 82. Nd7+ Kb4 83. Kb6 Bxb5 84. Ne5 Bf4 85. Nc6+ Ka4 86. Nd4 Be3 87. Kc5 Ba6 88. Kd5 Bb7+ 89. Kc4 Be4 90. Ne6 Ka3 91. Nc5 Bf5 92. Nd3 Be6+ 93. Kc3 Ka4 94. Nb2+ Kb5 95. Kd3 Bg5 96. Ke4 Bg8 97. Nd3 Bh7+ 98. Kd4 Bf6+ 99. Ke3 Kc4 100. Nf4 Bf5 101. Ne2 Bg5+ 102. Kf3 Kd3 103. Nf4+ Kd2 104. Nd5 Kd3 105. Nf4+ Kd4 106. Ne2+ Ke5 107. Ng3 Bd7 108. Ne2 Bd2 109. Ng3 Bc6+ 110. Ke2 Bf4 111. Kf2 Bg5 112. Ne2 Ke4 113. Ng3+ Kd3 114. Nf5 Be4 115. Nd6 Bh4+ 116. Kf1 Bg6 117. Nb7 Be7 118. Na5 Bf7 119. Nc6 Bd6 120. Na5 Bd5 121. Kg1 Bc7 0-1

[Event "Tatry op"]
[Site "Tatranske Zruby SVK"]
[Date "2015.09.26"]
[Round "1"]
[White "Krnan, Tomas"]
[Black "Michalicka, Milan"]
[Result "1-0"]
[WhiteElo "2440"]
[BlackElo "2185"]
[PlyCount "101"]
[GameId "2130307653329942"]
[EventDate "2015.09.26"]
[EventType "swiss"]
[EventRounds "9"]
[EventCountry "SVK"]
[SourceTitle "Mega2015 Update 46"]
[Source "Chessbase"]
[SourceDate "2015.10.10"]
[SourceVersion "1"]
[SourceVersionDate "2015.10.10"]
[SourceQuality "1"]

1. e4 c5 2. Nf3 g6 3. d4 cxd4 4. Nxd4 Nc6 5. c4 Bg7 6. Be3 d6 7. Nc3 Nf6 8. Be2 Nxd4 9. Bxd4 O-O 10. O-O Bd7 11. Qd2 Bc6 12. f3 Nd7 13. Bf2 a5 14. b3 Nc5 15. Rab1 e6 16. Bd1 Be5 17. a3 Qc7 18. Ne2 b6 19. Nd4 Rfd8 20. b4 Nd7 21. Nxc6 Qxc6 22. f4 Bg7 23. Rc1 axb4 24. axb4 Ra3 25. Bf3 e5 26. Rfd1 Bf8 27. c5 bxc5 28. bxc5 Ra6 29. cxd6 Qxd6 30. Qe2 Qa3 31. Qb5 Rd6 32. Rxd6 Bxd6 33. Rd1 Nf8 34. f5 Rc8 35. Qd5 Rc1 36. h4 Bc5 37. Qxe5 Bxf2+ 38. Kxf2 Rc2+ 39. Kg3 Qe3 40. f6 h5 41. Qd4 Qxd4 42. Rxd4 Rc6 43. e5 Rc5 44. Bd5 Ra5 45. Kf4 Ra7 46. Rc4 Rd7 47. Ke4 Ra7 48. Rc8 Ra4+ 49. Kf3 Ra3+ 50. Kf2 Ra5 51. e6 1-0

[Event "Tatry op"]
[Site "Tatranske Zruby SVK"]
[Date "2015.09.27"]
[Round "2"]
[White "Steiner, Bruno"]
[Black "Krnan, Tomas"]
[Result "0-1"]
[WhiteElo "2247"]
[BlackElo "2440"]
[PlyCount "58"]
[GameId "2130307653338176"]
[EventDate "2015.09.26"]
[EventType "swiss"]
[EventRounds "9"]
[EventCountry "SVK"]
[SourceTitle "Mega2015 Update 46"]
[Source "Chessbase"]
[SourceDate "2015.10.10"]
[SourceVersion "1"]
[SourceVersionDate "2015.10.10"]
[SourceQuality "1"]

1. c4 Nf6 2. g3 e5 3. Bg2 h6 4. b3 Bc5 5. Bb2 O-O 6. e3 d6 7. Ne2 Nc6 8. O-O a6 9. h3 Re8 10. a3 Ba7 11. Nbc3 Bf5 12. d3 h5 13. Kh2 Qd7 14. Nd5 Nxd5 15. cxd5 Ne7 16. e4 Bg6 17. f4 f6 18. d4 Nc8 19. dxe5 dxe5 20. fxe5 fxe5 21. Nc1 Nd6 22. Nd3 Nf7 23. Qe2 c6 24. dxc6 Qxc6 25. Nb4 Qe6 26. Nd5 Rac8 27. Bf3 Ng5 28. Bg2 Bxe4 29. Bxe4 Qxh3# 0-1

[Event "Tatry op"]
[Site "Tatranske Zruby SVK"]
[Date "2015.09.27"]
[Round "3"]
[White "Krnan, Tomas"]
[Black "Reza, Wojciech"]
[Result "1/2-1/2"]
[WhiteElo "2440"]
[BlackElo "2272"]
[PlyCount "99"]
[GameId "2130307653338198"]
[EventDate "2015.09.26"]
[EventType "swiss"]
[EventRounds "9"]
[EventCountry "SVK"]
[SourceTitle "Mega2015 Update 46"]
[Source "Chessbase"]
[SourceDate "2015.10.10"]
[SourceVersion "1"]
[SourceVersionDate "2015.10.10"]
[SourceQuality "1"]

1. e4 e5 2. Nf3 Nc6 3. Bb5 a6 4. Ba4 Nf6 5. O-O Be7 6. Re1 b5 7. Bb3 d6 8. c3 O-O 9. d4 Bg4 10. d5 Na5 11. Bc2 c6 12. h3 Bc8 13. dxc6 Qc7 14. Nbd2 Qxc6 15. Nf1 Re8 16. Ng3 Bf8 17. Bg5 Re6 18. a4 Bb7 19. Nh2 Nc4 20. b3 Nb6 21. axb5 axb5 22. Rxa8 Nxa8 23. Bxf6 Rxf6 24. Ng4 Re6 25. Qf3 Nb6 26. Rd1 Bc8 27. Qd3 Re8 28. Ne3 g6 29. Ra1 Bd7 30. b4 Be6 31. Ra6 Rb8 32. Bd1 Qc8 33. Ra7 Nc4 34. Nxc4 Bxc4 35. Qe3 Bg7 36. Bg4 Qc6 37. Bd7 Qb6 38. Nf1 Bh6 39. Qxb6 Rxb6 40. Ne3 Bxe3 41. fxe3 Bd3 42. Be8 Bc4 43. Kf2 Kg7 44. Kf3 Kf6 45. Rc7 Ra6 46. Bc6 Ke6 47. h4 h5 48. g4 hxg4+ 49. Kxg4 Ra1 50. Bd7+ 1/2-1/2

[Event "Tatry op"]
[Site "Tatranske Zruby SVK"]
[Date "2015.09.28"]
[Round "4"]
[White "Maslik, Miroslav"]
[Black "Krnan, Tomas"]
[Result "0-1"]
[WhiteElo "2333"]
[BlackElo "2440"]
[PlyCount "97"]
[GameId "2130307653338223"]
[EventDate "2015.09.26"]
[EventType "swiss"]
[EventRounds "9"]
[EventCountry "SVK"]
[SourceTitle "Mega2015 Update 46"]
[Source "Chessbase"]
[SourceDate "2015.10.10"]
[SourceVersion "1"]
[SourceVersionDate "2015.10.10"]
[SourceQuality "1"]

1. d4 Nf6 2. Nf3 g6 3. g3 Bg7 4. Bg2 O-O 5. c4 d6 6. O-O Nc6 7. Nc3 a6 8. Qd3 e5 9. dxe5 dxe5 10. Qxd8 Rxd8 11. Bg5 Re8 12. Nd2 Nd4 13. Rfd1 Bg4 14. Kf1 Rab8 15. h3 Bf5 16. g4 Bc8 17. Nd5 Nxd5 18. cxd5 h6 19. Bh4 Bd7 20. Ne4 f5 21. gxf5 gxf5 22. Nf6+ Bxf6 23. Bxf6 Bb5 24. Rd2 Kf7 25. Bh4 f4 26. a4 Bd7 27. Rc1 Rbc8 28. Rxd4 exd4 29. Rd1 c5 30. dxc6 Bxc6 31. Bxc6 Rxc6 32. Rxd4 Rc1+ 33. Kg2 Rxe2 34. Rd7+ Ke8 35. Rxb7 Re4 36. Bf6 Rxa4 37. Bc3 Rd1 38. Rh7 Rd6 39. Kf3 a5 40. Kg4 Rb6 41. f3 Rc4 42. h4 a4 43. Ra7 Rb5 44. Bf6 h5+ 45. Kh3 Rb3 46. Kg2 Rc2+ 47. Kg1 Rd3 48. Bc3 Rd1+ 49. Be1 0-1

[Event "Tatry op"]
[Site "Tatranske Zruby SVK"]
[Date "2015.09.29"]
[Round "5"]
[White "Krnan, Tomas"]
[Black "Pcola, Pavol"]
[Result "1-0"]
[WhiteElo "2440"]
[BlackElo "2383"]
[PlyCount "69"]
[GameId "2130307653342344"]
[EventDate "2015.09.26"]
[EventType "swiss"]
[EventRounds "9"]
[EventCountry "SVK"]
[SourceTitle "Mega2015 Update 46"]
[Source "Chessbase"]
[SourceDate "2015.10.10"]
[SourceVersion "1"]
[SourceVersionDate "2015.10.10"]
[SourceQuality "1"]

1. e4 e6 2. d4 d5 3. Nc3 Nf6 4. Bg5 Be7 5. e5 Nfd7 6. h4 Bxg5 7. hxg5 Qxg5 8. Qd3 Nf8 9. Nh3 Qe7 10. Nf4 Nc6 11. O-O-O Bd7 12. Qg3 Rg8 13. Ncxd5 exd5 14. Nxd5 Qd8 15. Nc3 h6 16. f4 Ne7 17. d5 Nf5 18. Qe1 Ng6 19. g4 Nxf4 20. gxf5 Qg5 21. Kb1 Qxf5 22. Nb5 O-O-O 23. Nd4 Qg6 24. Bc4 Bg4 25. Rg1 Qh5 26. Qa5 Nxd5 27. Rd3 Nb6 28. Qxa7 Rge8 29. Ba6 bxa6 30. Qxa6+ Kd7 31. Nf5+ Kc6 32. Rc3+ Kd7 33. Rd3+ Kc6 34. Rc3+ Kd7 35. Qb5+ 1-0

[Event "Tatry op"]
[Site "Tatranske Zruby SVK"]
[Date "2015.09.30"]
[Round "6"]
[White "Langner, Ladislav"]
[Black "Krnan, Tomas"]
[Result "0-1"]
[WhiteElo "2358"]
[BlackElo "2440"]
[PlyCount "64"]
[GameId "2130307653342372"]
[EventDate "2015.09.26"]
[EventType "swiss"]
[EventRounds "9"]
[EventCountry "SVK"]
[SourceTitle "Mega2015 Update 46"]
[Source "Chessbase"]
[SourceDate "2015.10.10"]
[SourceVersion "1"]
[SourceVersionDate "2015.10.10"]
[SourceQuality "1"]

1. e4 e5 2. Bc4 Nf6 3. d3 Nc6 4. Nc3 Na5 5. Nge2 Be7 6. O-O O-O 7. f4 Nxc4 8. dxc4 d6 9. f5 c6 10. h3 b6 11. g4 h6 12. Ng3 Ba6 13. b3 d5 14. Qf3 dxc4 15. Rd1 Qc7 16. h4 Nh7 17. g5 hxg5 18. hxg5 Bxg5 19. Bxg5 Nxg5 20. Qh5 f6 21. Kf2 Rad8 22. b4 b5 23. Ke2 Rd4 24. Rh1 Qd6 25. Rad1 Rd8 26. Rhe1 Qxb4 27. Rxd4 exd4 28. Rh1 Qd6 29. e5 Qxe5+ 30. Nce4 Nxe4 31. Nxe4 Qxe4+ 32. Kd1 d3 0-1

[Event "Tatry op"]
[Site "Tatranske Zruby SVK"]
[Date "2015.10.01"]
[Round "7"]
[White "Krnan, Tomas"]
[Black "Szotkowski, Jakub"]
[Result "1/2-1/2"]
[WhiteElo "2440"]
[BlackElo "2328"]
[PlyCount "57"]
[GameId "2130307653342405"]
[EventDate "2015.09.26"]
[EventType "swiss"]
[EventRounds "9"]
[EventCountry "SVK"]
[SourceTitle "Mega2015 Update 46"]
[Source "Chessbase"]
[SourceDate "2015.10.10"]
[SourceVersion "1"]
[SourceVersionDate "2015.10.10"]
[SourceQuality "1"]

1. e4 c5 2. Nf3 e6 3. d4 cxd4 4. Nxd4 Nc6 5. Nc3 Qc7 6. Be3 Nf6 7. Be2 a6 8. O-O Bb4 9. Na4 O-O 10. Nxc6 bxc6 11. Nb6 Rb8 12. Nxc8 Rfxc8 13. Bxa6 Rf8 14. Bd3 Bd6 15. h3 Rxb2 16. Bd4 Rbb8 17. Bxf6 gxf6 18. f4 Bxf4 19. Qg4+ Bg5 20. h4 h5 21. Qxh5 Be3+ 22. Kh1 Qe5 23. Qxe5 fxe5 24. Rf3 Bd4 25. Raf1 Ra8 26. Rg3+ Kh7 27. Rgf3 Kg7 28. Rg3+ Kh7 29. Rgf3 1/2-1/2

[Event "Tatry op"]
[Site "Tatranske Zruby SVK"]
[Date "2015.10.02"]
[Round "8"]
[White "Lanc, Alois"]
[Black "Krnan, Tomas"]
[Result "1/2-1/2"]
[WhiteElo "2290"]
[BlackElo "2440"]
[PlyCount "33"]
[GameId "2130307653346524"]
[EventDate "2015.09.26"]
[EventType "swiss"]
[EventRounds "9"]
[EventCountry "SVK"]
[SourceTitle "Mega2015 Update 46"]
[Source "Chessbase"]
[SourceDate "2015.10.10"]
[SourceVersion "1"]
[SourceVersionDate "2015.10.10"]
[SourceQuality "1"]

1. e4 e5 2. Nf3 Nc6 3. Bb5 a6 4. Ba4 Nf6 5. O-O Be7 6. Re1 b5 7. Bb3 O-O 8. h3 Bb7 9. c3 d5 10. d3 Qd6 11. Bg5 Na5 12. Bc2 h6 13. Bxf6 Bxf6 14. Nbd2 Nc6 15. exd5 Qxd5 16. Ne4 Be7 17. Ng3 1/2-1/2

[Event "Tatry op"]
[Site "Tatranske Zruby SVK"]
[Date "2015.10.03"]
[Round "9"]
[White "Krnan, Tomas"]
[Black "Vojta, Tomas"]
[Result "1/2-1/2"]
[WhiteElo "2440"]
[BlackElo "2376"]
[PlyCount "21"]
[GameId "2130307653346556"]
[EventDate "2015.09.26"]
[EventType "swiss"]
[EventRounds "9"]
[EventCountry "SVK"]
[SourceTitle "Mega2015 Update 46"]
[Source "Chessbase"]
[SourceDate "2015.10.10"]
[SourceVersion "1"]
[SourceVersionDate "2015.10.10"]
[SourceQuality "1"]

1. e4 Nf6 2. e5 Nd5 3. d4 d6 4. Nf3 Bg4 5. Be2 e6 6. O-O Be7 7. c4 Nb6 8. h3 Bh5 9. Nc3 O-O 10. Be3 a5 11. exd6 1/2-1/2